000 02081cam a22002174a 4500
005 20250605164307.0
008 250528s ||||||||||||||||||||||||d
035 _a22316
020 _a9789925563661
040 _aGR-AtMCL
_bgre
_dGR-AtMCL
_eAACR2
245 1 _aΗ Πρόκληση της Ηγεσίας / Άριστες Στρατηγικές και Πρακτικές Επιχειρήσεων
260 _bBroken Hill Publishers,
_c2018
300 _a336
520 _aΚανένα βιβλίο δεν έχει εξιστορήσει τις πρακτικές της αληθινής ηγεσίας καλύτερα από την Πρόκληση της Ηγεσίας και αυτή η αναβαθμισμένη έκδοση περιγράφει με άρτιο τρόπο πώς μπορεί κάποιος να γίνει ένας εξαιρετικός ηγέτης του 21ου αιώνα. Εισαγωγή, Όταν οι Ηγέτες Αποδίδουν, Χαράξτε το Δρόμο, Αποσαφηνίστε τις Αξίες, Δώστε το Καλό Παράδειγμα, Εμπνεύστε ένα Κοινό Όραμα, Οραματιστείτε το Μέλλον, Στρατολογήστε και Άλλους, Αμφισβητείστε τη Διαδικασία, Αναζητείστε Ευκαιρίες, Πειραματισθείτε και Πάρτε Ρίσκα, Διευκολύνετε τους Άλλους να Δράσουν, Καλλιεργήστε τη Συνεργασία, Ισχυροποιήστε τους Άλλους, Ενδυναμώστε την Καρδιά, Αναγνωρίστε τη Συνεισφορά, Επικροτείστε τις Αξίες και τις Νίκες, Η Ηγεσία είναι Δουλειά Όλων, Σημειώσεις, Ευχαριστίες, Σχετικά με τους Συγγραφείς, Ευρετήριο.
700 1 _aKouzes James
_98174
700 1 _aPosner Barry
_98175
700 1 _aΠολλάκης Γιάννης Α
_98176
942 _cBK
999 _c7370
_d7370